000 00671nam a22001817a 4500
999 _c5612
_d5612
003 AR-CdUCM
008 190312b ||||| |||| 00| 0 esp d
040 _aMUNICIPALIDAD PROVINCIAL DEL CUSCO
_cBIBLIOTECA MUNICIPAL DEL CUSCO
082 _a869.5601 /
_bS85
100 _aSuárez, Miraval Manuel
_916793
245 _aPoesía Indigenista /
_cManuel Suárez Miraval.
260 _aLima :
_bFestival del libro puneño,
_c1959.
300 _a150 paginas ;
_c16 cm.
505 _aLa pastora florida -- Agua fuerte -- El indio Antonio -- Canto de brumas -- Balsas del Titikaka -- Plenilunio ...
650 _aPoesía indigenista
_916794
942 _2ddc
_cLIBROS
945 _aacrt